Üzemtörténeti szabadegyetem
Elmentve itt :
| Szerző: | |
|---|---|
| Dokumentumtípus: | Cikk |
| Megjelent: |
1978-02-14
|
| Sorozat: | Délmagyarország
68 No. 38 |
| Kulcsszavak: | Máriaföldy Márton, TIT, ipari tanácskozások |
| Online Access: | http://dmarchiv.bibl.u-szeged.hu/97182 |
| LEADER | 00501nab a2200157 i 4500 | ||
|---|---|---|---|
| 001 | delm97182 | ||
| 005 | 20190520115414.0 | ||
| 008 | 190520s1978 hu o 0|| hun d | ||
| 040 | |a SZTE Délmagyarország Archívum |b hun | ||
| 041 | |a hun | ||
| 100 | 1 | |a Máriaföldy Márton, | |
| 245 | 1 | 0 | |a Üzemtörténeti szabadegyetem |h [elektronikus dokumentum] / |c dr. Máriaföldy Márton, |
| 260 | |c 1978-02-14 | ||
| 300 | |a 5 | ||
| 490 | 0 | |a Délmagyarország |v 68 No. 38 | |
| 695 | |a Máriaföldy Márton, TIT, ipari tanácskozások | ||